| 000 | 01758nam0a2200361 4500 | ||
|---|---|---|---|
| 001 | RU\NLR\BIBL_A\011333094 | ||
| 005 | 20260406110037.0 | ||
| 010 |
_a978-5-699-89166-5 _92017 |
||
| 021 |
_aRU _b2017-4567 _9321 |
||
| 035 | _a(NLR Aleph) 011333094 | ||
| 090 |
_a11145757 _c11145756 |
||
| 100 | _a20170221d2016 |||y0rusy50 ca | ||
| 101 | 0 | _arus | |
| 102 | _aRU | ||
| 105 | _aabchz|||000zy | ||
| 200 | 1 |
_aВ предгорьях Памира и Тянь-Шаня _eдневники путешественника _fИ.В. Мушкетов _gРус. геогр. о-во |
|
| 210 |
_aМосква _cЭксмо _d2016 |
||
| 215 |
_a439 с., [10] л. цв. ил., портр. _cил., портр., карт., факс. _d26 |
||
| 225 | 1 |
_aВеликие русские путешественники _fразраб.: И. Пименова |
|
| 225 | 1 | _aБиблиотека Евроцемент груп | |
| 300 | _aНа обороте тит.л. авт.: И. В. Мушкетов д.чл. Имп. Рус. геогр. о-ва | ||
| 300 | _aСерия "Великие русские путешественники" изд. на средства Рус. геогр. о-ва | ||
| 333 | _a6+ | ||
| 600 | 1 |
_aМушкетов _bИ.В. _f1850 - 1902 _gИван Васильевич _91415279 _3RU\NLR\AUTH\66285183 |
|
| 607 |
_aСредняя Азия _xОписание и путешествия _z19 в. _91685651 _3RU\NLR\AUTH\661047447 |
||
| 675 | _a910 | ||
| 686 | 1 | _aД3д(2)Мушкетов | |
| 686 | 1 | _aД890(257)02 | |
| 700 | 1 |
_8rus _7ca _aМушкетов _bИ. В. _f1850-1902 _gИван Васильевич _3RU\NLR\AUTH\77105262 _988187 |
|
| 942 | _cBOOK | ||
| 980 | _aNB | ||